| 000 | 00552nam a2200193 4500 | ||
|---|---|---|---|
| 010 | _a793781 | ||
| 035 | _a793781 | ||
| 037 | _bCen Lib / Ret | ||
| 040 |
_aDPL _bEN |
||
| 082 |
_a954.0841 _bCOL |
||
| 100 | _aCollins, Larry | ||
| 245 |
_aFreedom at midnight / _cby Larry Collins [and] Dominique Lapierre |
||
| 260 |
_aNew Delhi _bVikas Publishing House _c1976 |
||
| 300 |
_a500p ; _c27cm(Hb) |
||
| 650 | _a India -- History -- 1947- | ||
| 650 | _aIndia | ||
| 700 | _aLapierre, Dominique | ||
| 942 |
_2ddc _cEN _h954.0841 _mCOL |
||
| 999 |
_c137135 _d137135 |
||